Patologická anatomie : učebnice pro střední zdravotnické školy, studijní obor zdravotní laboranti /

Hlavní autor: Dobiáš, Jaroslav, 1921-1997
Jazyk: Čeština
Vydáno: Praha : Avicenum, 1979
Vydání: 1. vyd.
Edice: Učebnice pro zdravotnické školy (Avicenum)
Témata:
Externí odkaz: Digitalizovaný dokument
Fyzický popis: 307 s.
Knihy
Uloženo v:
LEADER 01408nam a22003252a 4500
001 000036612
003 CZ BrMZK
005 20111017094848.0
007 ta
008 951201s1979 xr f cze d
015 |a cnb000390605 
035 |a (OCoLC)14891614 
040 |a BOA001  |b cze 
080 9 |a 616(075.3):373.661 
100 1 |a Dobiáš, Jaroslav,  |d 1921-1997  |7 jk01022423  |4 aut 
245 1 0 |a Patologická anatomie :  |b učebnice pro střední zdravotnické školy, studijní obor zdravotní laboranti /  |c Jaroslav Dobiáš 
250 |a 1. vyd. 
260 |a Praha :  |b Avicenum,  |c 1979 
300 |a 307 s. 
490 1 |a Učebnice pro zdravotnické školy 
500 |a Dostupné též v digitální podobě v aplikaci Kramerius 
830 0 |a Učebnice pro zdravotnické školy (Avicenum)  |0 s 
856 4 1 |u http://www.digitalniknihovna.cz/mzk/uuid/uuid:f7df1aa0-abb7-11ea-998c-005056827e51  |y Digitalizovaný dokument  |x NDK 
910 |a BOA001  |b PK-0085.619  |b 2-0805.977 
920 |a 000090665 
964 |a Anatomie patologická - učebnice - školy zdravotnické střední 
990 |a BK 
996 7 |b 2619810666  |c 2-0805.977  |l MZK  |r Sklad / do 1 hodiny  |n 5  |w 000036612  |u 000030  |a 1  |e BOA001  |j MZK50  |s A 
996 7 |b 2619983109  |c 2-0805.977  |l MZK  |r Sklad / do 1 hodiny  |n 1  |w 000036612  |u 000020  |a 1  |e BOA001  |j MZK50  |s A 
996 7 |b 3119998416  |c PK-0085.619  |l MZK  |r Sklad / do 1 hodiny  |n 0  |w 000036612  |u 000010  |a 1  |e BOA001  |j MZK50  |s A